Anuario de legislación universal complemento de las instituciones políticas y jurídicas de los pueblos modernos / (Record no. 2537)

MARC details
000 -LEADER
campo de control de longitud fija 00834nas a22002531i#4500
001 - NÚMERO DE CONTROL
campo de control 2537
003 - IDENTIFICADOR DE NÚMERO DE CONTROL
campo de control ES-MaACL
005 - FECHA Y HORA DE LA ÚLTIMA TRANSACCIÓN
campo de control 20250909180542.0
007 - CAMPO FIJO DE DESCRIPCIÓN FÍSICA--INFORMACIÓN GENERAL
campo de control de longitud fija t|
008 - DATOS DE LONGITUD FIJA--INFORMACIÓN GENERAL
campo de control de longitud fija 950801d18951910sp | | 1 ||pa d
080 ## - NÚMERO DE LA CLASIFICACIÓN DECIMAL UNIVERSAL
Número de la Clasificación Decimal Universal 460
245 00 - MENCIÓN DEL TÍTULO
Título Anuario de legislación universal complemento de las instituciones políticas y jurídicas de los pueblos modernos /
Mención de responsabilidad, etc. dir. Vicente Romero Girón y Alejo García Moreno.
260 ## - PUBLICACIÓN, DISTRIBUCIÓN, ETC.
Lugar de publicación, distribución, etc. Madrid :
Nombre del editor, distribuidor, etc. Enrique Maroto,
Fecha de publicación, distribución, etc. 1895-1910.
300 ## - DESCRIPCIÓN FÍSICA
Extensión 18 v. ;
Dimensiones 25 cm.
310 ## - PERIODICIDAD ACTUAL
Periodicidad actual Anual
362 0# - FECHAS DE PUBLICACIÓN Y/O DESIGNACIÓN SECUENCIAL
Fecha de publicación y/o designación secuencial T. I (1894)-1910.
650 #7 - PUNTO DE ACCESO ADICIONAL DE MATERIA--TÉRMINO DE MATERIA
Término de materia o nombre geográfico como elemento de entrada Derecho-
Subdivisión geográfica Europa
Fuente del encabezamiento o término
9 (RLIN) 158059
650 #7 - PUNTO DE ACCESO ADICIONAL DE MATERIA--TÉRMINO DE MATERIA
Término de materia o nombre geográfico como elemento de entrada Derecho-
Subdivisión geográfica América
Fuente del encabezamiento o término
9 (RLIN) 158060
700 1# - ENTRADA AGREGADA--NOMBRE PERSONAL
Nombre de persona Romero Girón, Vicente,
Fechas asociadas al nombre 1835-1900
9 (RLIN) 99395
700 1# - ENTRADA AGREGADA--NOMBRE PERSONAL
Nombre de persona García Moreno, A.
9 (RLIN) 54997
852 ## - LOCALIZACIÓN
Ubicación ES-MaACL
Número de control de estantería F-3388-3406
866 #0 - MENCIÓN TEXTUAL DE FONDOS--UNIDAD BIBLIOGRÁFICA BÁSICA
Fondos 1894-1908.
Holdings
Estatus retirado Estado de pérdida Estado de daño No para préstamo Colección Biblioteca de origen Biblioteca actual Ubicación en estantería Fecha de adquisición Fuente de adquisición Total de préstamos Signatura topográfica completa Código de barras Visto por última vez Precio de reemplazo Tipo de ítem Koha
        Periódicos y Revistas Biblioteca del Ateneo de Madrid Biblioteca del Ateneo de Madrid Depósito 2 17/01/2008     F-3388-3406 1002580 23/02/2023 23/02/2023 Revista